Lo obvio y lo obtuso: imágenes, gestos, voces
Kaydedildi:
| Yazar: | |
|---|---|
| Materyal Türü: | Kitap |
| Dil: | İspanyolca |
| Baskı/Yayın Bilgisi: |
Barcelona
Paidós
1986
|
| Seri Bilgileri: | Paidós Comunicación, 21
|
| Konular: | |
| Etiketler: |
Etiketle
Etiket eklenmemiş, İlk siz ekleyin!
|
MARC
| LEADER | 00000nam a2200000 a 4500 | ||
|---|---|---|---|
| 001 | UCO4499 | ||
| 003 | CL-VaPUC | ||
| 008 | 000804e19860000SP |||||||||||||||||spa|d | ||
| 020 | |a 8475094007 | ||
| 082 | 0 | 4 | |a 302.2 |b BAR |2 21 |
| 100 | |a Barthes, Roland |e author |9 265510 | ||
| 245 | 1 | 3 | |a Lo obvio y lo obtuso: imágenes, gestos, voces |
| 300 | |a 380 p | ||
| 942 | |c BK | ||
| 945 | |d 20000804 00:00:00 |a crobeson | ||
| 260 | |a Barcelona |b Paidós |c 1986 | ||
| 650 | 0 | |a Semiótica |9 265317 | |
| 650 | 0 | |a Comunicación |9 257251 | |
| 583 | |a last modification |c 20171130 17:22:53 |k Rodrigo Vera | ||
| 490 | 0 | |a Paidós Comunicación, 21 | |
| 999 | |c 290534 |d 290532 | ||
| 952 | |0 0 |1 0 |4 0 |6 302_200000000000000_BAR_1986 |7 0 |8 A |9 340033 |a BIBART |b BIBART |d 2019-11-20 |i 1213512 |o 302.2 BAR 1986 |p 1213512 |r 2025-03-13 |w 2019-11-20 |y BK |k ART | ||